|
|
|
|
| LEADER |
00000naa2a2200000 4500 |
| 001 |
605251 |
| 005 |
20260225162115.0 |
| 035 |
|
|
|a (RuTPU)RU\TPU\conf\2536
|
| 035 |
|
|
|a RU\TPU\conf\2532
|
| 090 |
|
|
|a 605251
|
| 100 |
|
|
|a 20140407d2013 k y0rusy50 ca
|
| 101 |
0 |
|
|a rus
|
| 102 |
|
|
|a RU
|
| 135 |
|
|
|a drnn ---uucaa
|
| 181 |
|
0 |
|a i
|
| 182 |
|
0 |
|a b
|
| 200 |
1 |
|
|a Основные теоретические подходы к пониманию этноса и этничности
|f М. Н. Бабута
|
| 203 |
|
|
|a Текст
|c электронный
|
| 215 |
|
|
|a 1 файл (262 Кб)
|
| 225 |
1 |
|
|a Смена исследовательских парадигм в развитии современной историографии
|
| 300 |
|
|
|a Заглавие с титульного листа.
|
| 320 |
|
|
|a [Библиогр.: с. 186 (4 назв.)]
|
| 337 |
|
|
|a Adobe Reader
|
| 463 |
|
1 |
|0 (RuTPU)RU\TPU\conf\2405
|t Трансформация научных парадигм и коммуникативные практики в информационном социуме
|o сборник научных трудов конференции, г. Томск, 22-23 ноября 2012 г.
|f Национальный исследовательский Томский политехнический университет (ТПУ) ; ред. коллегия В. И. Турнаев [и др.]
|v [С. 185-186]
|d 2013
|
| 610 |
1 |
|
|a труды учёных ТПУ
|
| 610 |
1 |
|
|a электронный ресурс
|
| 610 |
1 |
|
|a этнос
|
| 610 |
1 |
|
|a этничность
|
| 610 |
1 |
|
|a этнография
|
| 610 |
1 |
|
|a этническое самосознание
|
| 610 |
1 |
|
|a общность
|
| 700 |
|
1 |
|a Бабута
|b М. Н.
|c историк
|c доцент Томского политехнического университета, кандидат исторических наук
|f 1981-
|g Марина Николаевна
|3 (RuTPU)RU\TPU\pers\29159
|9 13785
|
| 712 |
0 |
2 |
|a Национальный исследовательский Томский политехнический университет (ТПУ)
|b Институт социально-гуманитарных технологий (ИСГТ)
|b Кафедра истории и регионоведения (ИСТ)
|3 (RuTPU)RU\TPU\col\18372
|
| 801 |
|
2 |
|a RU
|b 63413507
|c 20150219
|g RCR
|
| 856 |
4 |
|
|u http://www.lib.tpu.ru/fulltext/c/2012/C26/070.pdf
|
| 942 |
|
|
|c CF
|